Využitie služby cloudu v obchodnej spoločnosti

Cloudové služby ako jeden z najväčších trendov v oblasti informačných technológií.

Na minha lista:
Detalhes bibliográficos
Autor principal: Potisková, Ingrid
Formato: Capítulo de Livro
Idioma:eslovaco
Assuntos:
Tags: Adicionar Tag
Sem tags, seja o primeiro a adicionar uma tag!

MARC

LEADER 00000nla a2200000 4500
001 0240025
005 20240502073907.5
041 0 |a slo 
044 |a SK 
245 1 0 |a Využitie služby cloudu v obchodnej spoločnosti  |c Ingrid Potisková 
520 |a Cloudové služby ako jeden z najväčších trendov v oblasti informačných technológií. 
610 2 0 |a cloud computing 
610 2 0 |a systémy databázové 
610 2 0 |a technológie informačné 
610 2 0 |a inovácia 
610 2 0 |a spoločnosti obchodné 
100 1 |a Potisková, Ingrid